Á lódáil...
Kannuirttulli
| Príomhúdar: | |
|---|---|
| Údair Eile: | |
| Formáid: | Printed Book |
| Teanga: | English |
| Foilsithe: |
Calicut
Mathrubhumi
1968
|
| Ábhair: |
| LEADER | 00634nam a2200253 a 4500 | ||
|---|---|---|---|
| 001 | adlib96000001 | ||
| 003 | ViArRB | ||
| 005 | 20151026130928.0 | ||
| 008 | 960221s1955 dcuabcdjdbkoqu001 0deng d | ||
| 020 | |||
| 022 | |||
| 040 | |a Adlib | ||
| 082 | |a 89 M-1 | ||
| 245 | |a Kannuirttulli | ||
| 250 | |||
| 260 | |a Calicut |b Mathrubhumi |c 1968 | ||
| 300 | |a 48 p. | ||
| 500 | |a | ||
| 100 | |a Narayanamenon, Nalappattu | ||
| 700 | |a Kuttikrishna Marar | ||
| 942 | |c BK |6 _ | ||
| 653 | |a Kannuirttulli | ||
| 999 | |c 16541 |d 16541 | ||
| 952 | |0 0 |1 0 |4 0 |6 89_M1MNKKUT |7 0 |9 28070 |a UL |b UL |d 2010-06-16 |o 89 M-1 MN/K KUT |p H 639 |r 2010-06-16 |w 2010-06-16 |y BK | ||